000 00320nam a2200133Ia 4500
005 20251222143109.0
008 251222s9999||||xx |||||||||||||| ||spa||
020 _a978-84-9838-079-8
082 _a839.6/B77
100 _aBoyne, John
245 0 _aEl NiƱo con el Pijama de Rayas
264 _bSalamandra
942 _cLIB
999 _c11110
_d11110